| 000 | 00583nam a2200181 i 4500 | ||
|---|---|---|---|
| 001 | 63474 | ||
| 003 | ES-MaACL | ||
| 005 | 20230906164859.0 | ||
| 007 | t| | ||
| 008 | 031210s1956 sp d |||| | cat d | ||
| 100 | 1 |
_aFerrer Pastor, Francisco. _950490 |
|
| 245 | 1 | 0 |
_aDiccionari de la rima / _cper Francesc Ferrer Pastor amb la col-laboració de Josep Giner. |
| 260 |
_aValencia : _bFrederic Domenech, _c[1956] |
||
| 300 |
_aLXVIII, 1122 p. ; _c22 cm. |
||
| 650 | 4 |
_aLengua valenciana- _xRima- _vDiccionarios. _9165805 |
|
| 700 | 1 |
_aGiner, Josep. _957115 |
|
| 852 |
_aES-MaACL _jC-11305 |
||
| 999 |
_c63474 _d63474 |
||